A bunch of Trivia about the World Quiz Stats

Quiz not verified by Sporcle

Challenge
Share
Tweet
Embed
Score 0/25 Timer 05:00
0 Plays Today
Hint Answer % Correct
Type go to startGo
100%
What is 1+10?11
100%
First three letters of the alphabetabc
100%
Largest Country (Size)Russia
100%
Longest RiverNile
100%
Largest ContinentAsia
100%
What language this quiz is inEnglish
100%
16th President of the United StatesAbraham Lincoln
100%
44th President of the United StatesBarack Obama
100%
1st President of the United StatesGeorge Washington
100%
Current President of the United StatesDonald Trump
100%
The Website you are onSporcle
100%
Largest StateAlaska
100%
Hint Answer % Correct
Smallest StateRhode Island
100%
Most popular sport worldwideSoccer
93.3%
Largest City in the United StatesNew York
93.3%
Most Populous StateCalifornia
93.3%
Smallest CountryVatican City
93.3%
United States capitalWashington D.C.
86.7%
Most Populous CountryChina
86.7%
Largest City in the World (Population)Tokyo
80%
Type done to finishDone
80%
Largest Island Country (Size)Indonesia
60%
Most Densely Populated CountryMonaco
53.3%
Smallest Island CountryNauru
53.3%

You're not logged in!

Compare scores with friends on all Sporcle quizzes.
Join for Free
OR
Log In

You Might Also Like...

Show Comments

Extras

Created May 8, 2017ReportNominate
Tags:World Quiz, bunch, trivia

Top Quizzes Today


Score Distribution

Your Account Isn't Verified!

In order to create a playlist on Sporcle, you need to verify the email address you used during registration. Go to your Sporcle Settings to finish the process.

Report this User

Report this user for behavior that violates our Community Guidelines.

Details: